La gripe de buffalo bill / (Registro nro. 3293)
[ vista simple ]
| 000 -LEADER | |
|---|---|
| fixed length control field | 01083nam a2200241Ia 4500 |
| 003 - CONTROL NUMBER IDENTIFIER | |
| control field | OSt |
| 005 - DATE AND TIME OF LATEST TRANSACTION | |
| control field | 20250711144456.0 |
| 008 - FIXED-LENGTH DATA ELEMENTS--GENERAL INFORMATION | |
| fixed length control field | 191128s1990 sp a br 000 f spa d |
| 020 ## - INTERNATIONAL STANDARD BOOK NUMBER | |
| International Standard Book Number | 8435507084 |
| 040 ## - CATALOGING SOURCE | |
| Original cataloging agency | CO-JMCR |
| Transcribing agency | CO-JMCR |
| 041 ## - LANGUAGE CODE | |
| Language code of text/sound track or separate title | spa |
| 082 04 - DEWEY DECIMAL CLASSIFICATION NUMBER | |
| Classification number | N |
| Item number | CLIg |
| 100 1# - MAIN ENTRY--PERSONAL NAME | |
| Personal name | Climent, Paco, |
| Dates associated with a name | 1945 |
| Relator term | autor |
| 9 (RLIN) | 6587 |
| 245 13 - TITLE STATEMENT | |
| Title | La gripe de buffalo bill / |
| Statement of responsibility, etc. | Paco Climent ; Ilustrado por Angel Esteban |
| 250 ## - EDITION STATEMENT | |
| Edition statement | Cuata edición |
| 260 ## - PUBLICATION, DISTRIBUTION, ETC. | |
| Place of publication, distribution, etc. | Madrid : |
| Name of publisher, distributor, etc. | Susaeta, |
| Date of publication, distribution, etc. | 1990 |
| 300 ## - PHYSICAL DESCRIPTION | |
| Extent | 120 páginas : |
| Other physical details | ilustraciones a blanco y negro ; |
| Dimensions | 19 cm. |
| 500 ## - GENERAL NOTE | |
| General note | Incluye datos biográficos del autor en contraportada |
| 505 ## - FORMATTED CONTENTS NOTE | |
| Formatted contents note | Presentación -- El óido -- una grave decisión -- encuentro en el tren -- lazarillo a la fuerza -- la conversación -- un nuevo compadre -- el gran espectáculo -- una amarga histria -- la despedida. |
| 520 ## - SUMMARY, ETC. | |
| Summary, etc. | La gripe de Buffalo bill es fruto de la investigación periodística y la recopilación de datos que realizó Paco Climent en la prensa barcelonesa de finales del siglo XIX. |
| 650 04 - SUBJECT ADDED ENTRY--TOPICAL TERM | |
| Topical term or geographic name entry element | Novela infantil |
| 9 (RLIN) | 1227 |
| 942 ## - ADDED ENTRY ELEMENTS (KOHA) | |
| Source of classification or shelving scheme | Dewey Decimal Classification |
| Koha item type | Books |
| Withdrawn status | Lost status | Source of classification or shelving scheme | Damaged status | Not for loan | Collection code | Home library | Current library | Date acquired | Source of acquisition | Cost, normal purchase price | Total Checkouts | Full call number | Barcode | Date last seen | Date last checked out | Copy number | Koha item type |
|---|---|---|---|---|---|---|---|---|---|---|---|---|---|---|---|---|---|
| Dewey Decimal Classification | Fiction | Biblioteca Pública José María del Castillo y Rada | Biblioteca Pública José María del Castillo y Rada | 11/28/2019 | Donación | 0.00 | 2 | N CLIg | 201507031 | 03/31/2026 | 03/31/2026 | Ej.1 | Books |